LEADER 00940cam0-2200313---450- 001 990004658440403321 005 20090721161218.0 035 $a000465844 035 $aFED01000465844 035 $a(Aleph)000465844FED01 035 $a000465844 100 $a19990604d1965----km-y0itay50------ba 101 0 $aeng 102 $aUS 105 $aaf--e---001yy 200 1 $aEnglish-Wappo vocabulary$fby Jesse O. Sawyer 210 $aBerkeley ; Los Angeles$cUniversity of California Press$d1965 215 $aX, 128 p., 1 c. di tav.$cill.$d26 cm 225 1 $aUniversity of California publications in linguistics$v43 610 0 $aLingua wappo$aDizionari inglesi 676 $a497.5 700 1$aSawyer,$bJesse O.$0185458 801 0$aIT$bUNINA$gRICA$2UNIMARC 901 $aBK 912 $a990004658440403321 952 $a497.5 SAW 1$bBibl.39870$fFLFBC 959 $aFLFBC 996 $aEnglish-Wappo vocabulary$9553633 997 $aUNINA LEADER 01910oam 2200553 450 001 9910711313803321 005 20190403072101.0 035 $a(CKB)5470000002482897 035 $a(OCoLC)961268097 035 $a(OCoLC)995470000002482897 035 $a(EXLCZ)995470000002482897 100 $a20161027d1922 ua 0 101 0 $aeng 135 $aurn|||||||||| 181 $ctxt$2rdacontent 182 $cc$2rdamedia 183 $acr$2rdacarrier 200 00$aSurface water supply of the United States, 1918$hPart 12$iNorth Pacific slope drainage basins$hC$iLower Columbia River Basin and Pacific slope drainage basins in Oregon /$fby Nathan C. Grover 210 1$aWashington, D.C. :$cU.S. Department of the Interior, U.S. Geological Survey,$d1922. 210 2$aWashington :$cGovernment Printing Office. 215 $a1 online resource (v, 141 pages) $cillustrations 225 1 $aWater-supply paper ;$vno. 484 300 $a"Prepared in cooperation with the States of Oregon and Washington." 320 $aIncludes index. 517 3 $aLower Columbia River Basin and Pacific slope drainage basins in Oregon 606 $aWater quality$zColumbia River Watershed 606 $aWater quality$zOregon 606 $aWater quality$2fast 606 $aWater-supply$2fast 607 $aOregon$2fast 607 $aUnited States$zColumbia River Watershed$2fast 615 0$aWater quality 615 0$aWater quality 615 7$aWater quality. 615 7$aWater-supply. 700 $aGrover$b Nathan Clifford$f1868-1956,$01385993 712 02$aGeological Survey (U.S.), 801 0$bCOP 801 1$bCOP 801 2$bOCLCO 801 2$bOCLCF 801 2$bOCLCA 801 2$bGPO 801 2$bMERUC 801 2$bGPO 906 $aBOOK 912 $a9910711313803321 996 $aSurface water supply of the United States, 1918$93435805 997 $aUNINA